Countries whose name is included in the capital - Statistics

General Stats
  • This quiz has been taken 8,405 times
    8,245 since last reset
  • The average score is 11 of 18
Answer Stats
Population Country/Capital % Correct
112,336,538 Mexico/Mexico City
89%
829 Vatican City/Vatican City
86%
192,376,496 Brazil/Brasilia
76%
31,783 San Marino/San Marino
75%
511,840 Luxembourg/Luxembourg City
74%
35,568 Monaco/Monaco
74%
3,405,813 Panama/PanamaCity
73%
22,465 Andorra la Vella/Andorra
72%
14,713,763 Guatemala/Guatemala City
70%
5,183,700 Singapore/Singapore
61%
3,257,621 Kuwait/Kuwait
60%
818,159 Djibouti/Djibouti
48%
37,100,000 Algeria/Algiers
46%
5,789,142 El Salvador/San Salvador
46%
10,673,800 Tunisia/Tunis
45%
163,000 Sao Tome and Principe/Sao Tome
39%
1,520,830 Guinea-Bissau/Bissau
37%
9,378,818 Dominican Republic/Santo Domingo (Saint Domincican)
21%
No matching quizzes found
Score Distribution
Percent of People with Each Score
Percentile by Number Answered
Your Score History
You have not taken this quiz since the last reset